| 000 | 00499cam a2200193ua 4500 | ||
|---|---|---|---|
| 001 | 4203 | ||
| 005 | 20260515113812.0 | ||
| 008 | 111220n ii |||gr||||Z||||||asm | ||
| 040 | _cMAIN | ||
| 082 | _a891.4513 | ||
| 100 | 1 | _aKalita, Arupa Patangia, | |
| 245 | 1 | 1 |
_aMaru jatra aru anyanya _cby Arupa Patangia Kalita |
| 250 | _a1st. | ||
| 260 |
_aGuwahati: _bLawyers book stall,992. |
||
| 300 |
_a108p: _c23cm. |
||
| 653 | _aAssamese short stories | ||
| 653 | _aMaru jatra aru anyanya | ||
| 942 | _cBK | ||
| 999 |
_c4021 _d4021 |
||